| 000 | 00346nam a22001577a 4500 | ||
|---|---|---|---|
| 003 | SGT | ||
| 020 | _a978-93-80855-94-3 | ||
| 082 |
_a301 _bI12M |
||
| 100 | _aMUDGIL, PREM SHARMA | ||
| 245 | _aINTRODUCTION TO SOCIOLOGY | ||
| 250 | _a1ST | ||
| 260 |
_aINDIA _bLOTUS PUB _c2012 |
||
| 300 | _a408 | ||
| 650 | _aSOCIOLOGY | ||
| 942 |
_2ddc _cBK _022 |
||
| 999 |
_c20156 _d20156 |
||